|
|
|
|
| LEADER |
00000nam a2200000 a 4500 |
| 001 |
UCJ8809 |
| 003 |
CL-VaPUC |
| 008 |
070124e19720800CL |||||||||||||||||spa|d |
| 082 |
0 |
4 |
|a 378
|b UNI
|2 21
|
| 110 |
2 |
|
|a Universidad Católica de Valparaíso
|e author
|9 518082
|
| 245 |
1 |
0 |
|a Cuenta del Rector. Año académico 1972
|
| 250 |
|
|
|a 1a. ed
|
| 300 |
|
|
|a pág. irreg
|
| 942 |
|
|
|c BK
|
| 945 |
|
|
|d 20070124 00:00:00
|a fvergara
|
| 260 |
|
|
|a Valparaíso
|b s. n
|c 1972
|
| 500 |
|
|
|a Mimeógrafo donado al Fondo Histórico Patrimonial por el Profesor Raúl Allard N. en agosto de 2003
|
| 600 |
0 |
7 |
|a ALLARD NEUMANN, RAUL
|2 CL-VaPUC
|9 469383
|
| 600 |
0 |
7 |
|a ESCUELA DE TRANSPORTE
|2 CL-VaPUC
|9 518083
|
| 600 |
0 |
7 |
|a CENTRO DE ESTUDIOS E INVESTIGACION DEL TRANSPORTE
|2 CL-VaPUC
|9 518084
|
| 600 |
0 |
7 |
|a CENTRO DE CIENCIAS DE COMPUTACION E INFORMACION
|2 CL-VaPUC
|9 518085
|
| 600 |
0 |
7 |
|a CENTRO DE INVESTIGACIONES DEL MAR
|2 CL-VaPUC
|9 518086
|
| 600 |
0 |
7 |
|a DEPARTAMENTO DE PESQUERIAS Y APROVECHAMIENTO DE RECURSOS MARINOS
|2 CL-VaPUC
|9 518087
|
| 600 |
0 |
7 |
|a COMISION DE REFORMA
|2 CL-VaPUC
|9 518088
|
| 600 |
0 |
7 |
|a COMISION DE ESTUDIOS VESPERTINOS
|2 CL-VaPUC
|9 518089
|
| 600 |
0 |
7 |
|a CENTRO DE INVESTIGACIONES CIENTIFICAS Y TECNOLOGICAS
|2 CL-VaPUC
|9 518090
|
| 600 |
0 |
7 |
|a DEPARTAMENTO DE BIOLOGIA
|2 CL-VaPUC
|9 518091
|
| 600 |
0 |
7 |
|a DEPARTAMENTO DE FISICA
|2 CL-VaPUC
|9 518092
|
| 600 |
0 |
7 |
|a DEPARTAMENTO DE QUIMICA
|2 CL-VaPUC
|9 518093
|
| 600 |
0 |
7 |
|a DEPARTAMENTO DE ARQUITECTURA
|2 CL-VaPUC
|9 518094
|
| 600 |
0 |
7 |
|a DEPARTAMENTO DE INGENIERIA
|2 CL-VaPUC
|9 518095
|
| 600 |
0 |
7 |
|a DEPARTAMENTO DE ELECTRICIDAD
|2 CL-VaPUC
|9 518096
|
| 600 |
0 |
7 |
|a DEPARTAMENTO DE LUMINOTECNIA
|2 CL-VaPUC
|9 518097
|
| 600 |
0 |
7 |
|a DEPARTAMENTO DE MECANICA Y METALURGIA
|2 CL-VaPUC
|9 518098
|
| 600 |
0 |
7 |
|a ESTACION EXPERIMENTAL LA PALMA
|2 CL-VaPUC
|9 518099
|
| 600 |
0 |
7 |
|a CANAL 4 UCV TV
|2 CL-VaPUC
|9 518100
|
| 600 |
0 |
7 |
|a EDICIONES UNIVERSITARIAS DE VALPARAISO
|2 CL-VaPUC
|9 504560
|
| 600 |
0 |
7 |
|a DEPARTAMENTO DE BIENESTAR ESTUDIANTIL
|2 CL-VaPUC
|9 518101
|
| 650 |
|
0 |
|a Educación superior
|9 223851
|
| 650 |
|
0 |
|a Archivo histórico PUCV
|9 255554
|
| 650 |
|
0 |
|a Universidades
|9 256317
|
| 650 |
|
7 |
|a PLANIFICACION
|2 CL-VaPUC
|9 260802
|
| 650 |
|
0 |
|a Investigación
|9 257811
|
| 650 |
|
7 |
|a PRESUPUESTO
|2 CL-VaPUC
|9 306206
|
| 650 |
|
0 |
|a Alumnado
|9 518072
|
| 650 |
|
7 |
|a DOCENCIA
|2 CL-VaPUC
|9 518103
|
| 650 |
|
0 |
|a Televisión
|9 256845
|
| 650 |
|
7 |
|a PUBLICACIONES
|2 CL-VaPUC
|9 396094
|
| 650 |
|
7 |
|a EXTENSION CULTURAL
|2 CL-VaPUC
|9 329548
|
| 650 |
|
0 |
|a Vicerrectorías
|9 518104
|
| 650 |
|
7 |
|a REMUNERACIONES
|2 CL-VaPUC
|9 371777
|
| 650 |
|
7 |
|a INFRAESTRUCTURA
|2 CL-VaPUC
|9 368602
|
| 650 |
|
0 |
|a Biblioteca
|9 373043
|
| 583 |
|
|
|a last modification
|c 20070124 00:00:00
|k Rodrigo Vera
|
| 999 |
|
|
|c 324458
|d 324456
|
| 952 |
|
|
|0 0
|1 0
|4 0
|6 378_000000000000000_UNI_1972
|7 0
|8 X
|9 404657
|a FDOBUD
|b FDOBUD
|d 2019-11-22
|i 1084259
|o 378 UNI 1972
|p 1084259
|r 2019-11-22
|w 2019-11-22
|y BK_X
|k FHP
|